Biotecnología vegetal
Uloženo v:
| Hlavní autoři: | , , , , |
|---|---|
| Médium: | Kniha |
| Jazyk: | španělština |
| Vydáno: |
Santiago
INIA
2005
|
| Edice: | Colección Libros INIA, 15
|
| Témata: | |
| Tagy: |
Přidat tag
Žádné tagy, Buďte první, kdo vytvoří štítek k tomuto záznamu!
|
MARC
| LEADER | 00000nam a2200000 a 4500 | ||
|---|---|---|---|
| 001 | UCH4900 | ||
| 003 | CL-VaPUC | ||
| 008 | 090910e20050000CL |||||||||||||||||spa|d | ||
| 020 | |a 9567016232 | ||
| 082 | 0 | 4 | |a 631.5233 |b PRI |2 21 |
| 100 | 0 | |a Prieto E., Humberto |e author |9 540866 | |
| 700 | 0 | |a Jordan Z., Miguel |e author |9 540867 | |
| 700 | 0 | |a Barrueto Cid, L. Pedro |e author |9 540868 | |
| 700 | 0 | |a R. Cordeiro, María Cristina |e author |9 540869 | |
| 700 | 0 | |a Durzan, Don J |e author |9 540870 | |
| 245 | 1 | 0 | |a Biotecnología vegetal |
| 300 | |a 218 p | ||
| 942 | |c BK | ||
| 945 | |d 20090910 00:00:00 |a dcastane | ||
| 260 | |a Santiago |b INIA |c 2005 | ||
| 650 | 0 | |a Biotecnología vegetal |9 441679 | |
| 650 | 0 | |a Genética |9 259443 | |
| 650 | 0 | |a Plantas |9 264555 | |
| 583 | |a last modification |c 20090910 00:00:00 |k Rodrigo Vera | ||
| 490 | 0 | |a Colección Libros INIA, 15 | |
| 999 | |c 336132 |d 336130 | ||
| 952 | |0 0 |1 0 |4 0 |6 631_523300000000000_PRI_2005 |7 0 |8 R |9 427102 |a BIBAGR |b BIBAGR |d 2019-11-22 |i 460010K |o 631.5233 PRI 2005 |p 460010K |r 2025-01-20 |w 2019-11-22 |y BK_R |k AGR | ||
| 952 | |0 0 |1 0 |4 0 |6 631_523300000000000_PRI_2005 |7 0 |8 R |9 427103 |a BIBAGR |b BIBAGR |d 2019-11-22 |i 4600118 |l 2 |o 631.5233 PRI 2005 |p 4600118 |r 2025-03-28 |s 2025-03-28 |w 2019-11-22 |y BK_R |k AGR | ||